000 00688nam a2200205Ii 4500
003 JO-AjNU
008 230606s9999||||xx |||||||||||||| ||und||
020 _a0-03-022429-2
040 _aJO-AjNU
_beng
_erda
_cJO-AjNU
041 _aeng
050 1 4 _aHF5635 .C964 2000
100 3 _aCunningham, Billie M / Nikolai,Loren A / Bazley,John D,
_eauthor
_93409
245 0 0 _aAccounting Information for Business Decisions
264 3 1 _aFort Worth: The Dryden Press Harcourt Brace,2000
300 _a1024p
_bIncludes glossary and indexes(994-1024)
336 _atext
_btxt
_2rdacontent
337 _aunmediated
_bn
_2rdamedia
338 _avolume
_bnc
_2rdacarrier
650 4 _aAccounting
_93410
999 _aE1780
_c1780
_d1780